00578nam a2200181 i 4500001000700000003000900007005001700016008004100033017001700074080001200091100002100103245009700124260005700221300003100278650003000309700003400339852002300373172445ES-MaACL20250826051219.0090707s1967 sp |||| | spa d aM 18443-1967 a336(07)0 aFranco, Gabriel.10aPrincipios de hacienda pública / cGabriel Franco ; prólogo por José Mª Naharro Mora. aMadrid : bEditorial de Derecho Financiero, c[1967] aXX, 556 p. : b ; c25 cm. 7aHacienda pública2embne0 aNaharro Mora, José María. aES-MaACLjE-12760